JESUS'S AUDIENCE

Zapisane w:
Opis bibliograficzny
1. autor: Duncan, J.M. Derrett (autor)
Format: Książka
Etykiety: Dodaj etykietę
Nie ma etykietki, Dołącz pierwszą etykiete!

MARC

LEADER 00000nam^a2200000^a^4500
001 000203058
005 20250521000000.0
009 20260310102959.602
035 |a 006034 
037 |a Acervo Xavier Clavigero 
082 |a 225. 13  |b DUN 
100 |a Duncan, J.M. Derrett  |e (autor) 
245 1 0 |a JESUS'S AUDIENCE 
264 |a NEW YORK :  |b A CROSSROAD BOOK,  |c 1973 
336 |a texto  |b txt  |2 rdacontenido 
337 |a sin mediación  |b n  |2 rdamedio 
338 |a volumen  |b nc  |2 rdasoporte 
649 |a XX 
910 |a Fondo General 
920 |a Impresos - Libros 
930 |a Colección General 
905 |a 101 
901 |a 006034  |b IT1  |c ACC  |i 006034  |u 20250521 
902 |a https://opac.biblio.iteso.mx/vufind/Record/000203058